000 01320cam a2200325 a 4500
001 000014031
003 DO-SdBNP
005 20250915102303.0
008 030723s2002 mx a b 101 0 spa
020 _a9706790896
040 _aDO-SdBNP
_bspa
_cBNPHU
049 _aBNGR
082 _a325.2720973
_bM636i
245 0 0 _aMigración internacional e identidades cambiantes /
_ceditores María Eugenia Anguiano Téllez, Miguel J. Hernández Madrid.
260 _aZamora, (México) :
_bEl Colegio de Michoacán ;
_bColegio de la Frontera Norte,
_c2002.
300 _a295 p. :
_bil. ;
_c23 cm.
490 1 _aInvestigaciones
500 _aDocumentos de un coloquio celebrado en mayo 11-12, 2000 y patrocinado en parte por el Colegio de la Frontera Norte, Tijuana, Baja California, México
504 _aIncluye referencias bibliográficas
504 _aIncluye índice
650 4 _aMexicanos en los Estados Unidos
_931768
651 4 _aMéxico
_xEmigración e inmigración
_93350
651 4 _aEstados Unidos
_xPoblación extranjera
_931769
700 1 _aAnguiano Téllez, María Eugenia.
_eed.
_931770
700 1 _aHernández Madrid, Miguel J.
_eed.
_931771
710 2 _aColegio de la Frontera Norte
_931772
830 0 _aInvestigaciones.
_919157
910 _aCatalogación por copia / LC
942 _2ddc
_cLBS1
999 _c13634
_d13634